Comercio electrn̤ico Una perspectiva tributaria mexicana /

Detalles Bibliográficos
Autor principal: Caldern̤ Medina, David
Autor Corporativo: Instituto Mexicano de Contadores Pb︢licos
Formato: eBook
Lenguaje:español
Publicado: [Mx̌ico] : Instituto Mexicano de Contadores Pb︢licos, 2010.
Materias:
Acceso en línea:Acceso restringido

MARC

LEADER 00000nam a22000007a 4500
005 20110906115410.0
008 110906t2010 mx ||||s|||| 00| 0 spa d
020 |a 978-607-7620-34-1 
035 |a 5616 
040 |a vLex 
090 |c 2387  |d 2387 
100 1 |a Caldern̤ Medina, David 
245 1 0 |a Comercio electrn̤ico  |h [Recurso electrn̤ico] :  |b Una perspectiva tributaria mexicana /  |c David Caldern̤ Medina  
256 |a Servicio en ln̕ea. 
260 |a [Mx̌ico] :  |b Instituto Mexicano de Contadores Pb︢licos,  |c 2010. 
300 |a 1 recurso electrn̤ico 
500 |a La presente analiza los aspectos de la legislacin̤ tributaria mexicana aplicables sobre los pilares del ISR y IVA, para la fiscalizacion de los ingresos obtenidos como consecuencia de ciertas operaciones de comercio electrn̤ico internacional, con el fin de tener mayor eficiencia en la recaudacion y dotar de mejor certeza juridica a los contribuyentes involucrados en el comercio electrn̤ico.  
506 1 |a Contenido solo disponible en los productos indicados  |d vLex Global  |d vLex Global (Academic Edition, excluding Law Schools)  |d vLex Global (U.S. Academic Edition, Law Schools)  |d vLex Global (U.S. Academic Edition, excluding Law Schools)  |d vLex Global (Academic Edition, Law Schools) 
650 0 4 |a Derecho tributario  |z Mx̌ico 
650 0 4 |a Comercio electrn̤ico  |z Mx̌ico 
710 2 |a Instituto Mexicano de Contadores Pb︢licos 
740 0 |a vLex Libros (Servicio en ln̕ea) 
856 4 0 |u http://vlex.com/source/comercio-electronico-perspectiva-tributaria-mexicana-5616  |z Acceso restringido 
942 |c BOOK